Marketbeat office overview Americas (Record no. 83856)

MARC details
000 -LEADER
fixed length control field 01152cad a22002535a 4500
001 - CONTROL NUMBER
control field L155327
008 - FIXED-LENGTH DATA ELEMENTS--GENERAL INFORMATION
fixed length control field 120320s2012 xxk 000 0 eng d
035 ## - SYSTEM CONTROL NUMBER
System control number (Sirsi) u155327
041 0# - LANGUAGE CODE
Language code of text/sound track or separate title eng
110 2# - MAIN ENTRY--CORPORATE NAME
Corporate name or jurisdiction name as entry element Cushman & Wakefield
9 (RLIN) 5888
245 00 - TITLE STATEMENT
Title Marketbeat office overview Americas
Remainder of title Q4 2011
Medium [electronic resource]
260 ## - PUBLICATION, DISTRIBUTION, ETC.
Place of publication, distribution, etc. New York
Name of publisher, distributor, etc. Cushman & Wakefield
Date of publication, distribution, etc. 2012
490 #0 - SERIES STATEMENT
Series statement Cushman & Wakefield Marketbeat Office Overview Americas
Volume/sequential designation Q4 2011
520 ## - SUMMARY, ETC.
Summary, etc. Outlines the key trends in the US, Brazilian, Mexican, and Canadian office markets in Q4 2011 and provides an outlook for the office sector in the US, South America, Mexico, and Canada. Charts and tables cover the CBD overall vacancy rates in 15 regional cities, CBD rental change % by country, eight cities with highest construction to stock ratio, and CBD office market cycle.
590 ## - LOCAL NOTE (RLIN)
Local note KA
651 #4 - SUBJECT ADDED ENTRY--GEOGRAPHIC NAME
Geographic name United States
651 #4 - SUBJECT ADDED ENTRY--GEOGRAPHIC NAME
Geographic name Canada
651 #4 - SUBJECT ADDED ENTRY--GEOGRAPHIC NAME
Geographic name Mexico
651 #4 - SUBJECT ADDED ENTRY--GEOGRAPHIC NAME
Geographic name Brazil
651 #4 - SUBJECT ADDED ENTRY--GEOGRAPHIC NAME
Geographic name Columbia
690 ## - LOCAL SUBJECT ADDED ENTRY--TOPICAL TERM (OCLC, RLIN)
Topical term or geographic name as entry element Commercial property
9 (RLIN) 6227
856 40 - ELECTRONIC LOCATION AND ACCESS
Uniform Resource Identifier <a href="https://www.cushwake.com/cwmbs4q11/PDF/off_americas_4q11.pdf">https://www.cushwake.com/cwmbs4q11/PDF/off_americas_4q11.pdf</a>
Public note View the report at www.cushwake.com
942 ## - ADDED ENTRY ELEMENTS (KOHA)
Suppress in OPAC 0
Holdings
Withdrawn status Lost status Source of classification or shelving scheme Damaged status Not for loan Home library Current library Shelving location Date acquired Total Checkouts Full call number Barcode Date last seen Copy number Price effective from Koha item type
    Dewey Decimal Classification     Virtual Virtual Online 18/03/2012   ONLINE PUBLICATION 155327-2001 06/08/2019 1 06/08/2019 Book